Managing global organizations : (Record no. 18141)
[ view plain ]
| 000 -LEADER | |
|---|---|
| fixed length control field | 01186nam a22003018i 4500 |
| 001 - CONTROL NUMBER | |
| control field | 016516269 |
| 003 - CONTROL NUMBER IDENTIFIER | |
| control field | OSt |
| 005 - DATE AND TIME OF LATEST TRANSACTION | |
| control field | 20140323104940.0 |
| 008 - FIXED-LENGTH DATA ELEMENTS--GENERAL INFORMATION | |
| fixed length control field | 130930t2012 xxkako frb 001 0 eng d |
| 020 ## - INTERNATIONAL STANDARD BOOK NUMBER | |
| International Standard Book Number | 9781847205957 (cased) |
| 020 ## - INTERNATIONAL STANDARD BOOK NUMBER | |
| International Standard Book Number | 9781782540182 (pbk.) |
| 040 ## - CATALOGING SOURCE | |
| Original cataloging agency | StDuBDS |
| Language of cataloging | eng |
| Transcribing agency | StDuBDS |
| Description conventions | rda |
| 082 04 - DEWEY DECIMAL CLASSIFICATION NUMBER | |
| Classification number | 658.049 |
| Edition number | 22 |
| Item number | BHA |
| 100 1# - MAIN ENTRY--PERSONAL NAME | |
| Personal name | Bhagat, Rabi S., |
| Dates associated with a name | 1950- |
| 9 (RLIN) | 35727 |
| 245 10 - TITLE STATEMENT | |
| Title | Managing global organizations : |
| Remainder of title | a cultural perspective / |
| Statement of responsibility, etc | Rabi S. Bhagat, Harry C. Triandis and Annette S. McDevitt. |
| 260 ## - PUBLICATION, DISTRIBUTION, ETC. (IMPRINT) | |
| Place of publication, distribution, etc | Cheltenham, United Kingdom ; |
| -- | Northampton, United States : |
| Name of publisher, distributor, etc | Edward Elgar, |
| Date of publication, distribution, etc | c.2012 |
| Manufacturer | (MPG Books Group) |
| 300 ## - PHYSICAL DESCRIPTION | |
| Extent | xvii, 343 p. : |
| Other physical details | forms, photographs, tables ; |
| Dimensions | 24 cm. |
| 500 ## - GENERAL NOTE | |
| General note | Index : p. 331-343. |
| 504 ## - BIBLIOGRAPHY, ETC. NOTE | |
| Bibliography, etc | Includes bibliographical references. |
| 650 #0 - SUBJECT ADDED ENTRY--TOPICAL TERM | |
| Topical term or geographic name as entry element | Management |
| General subdivision | Cross-cultural studies |
| 9 (RLIN) | 35728 |
| 650 #0 - SUBJECT ADDED ENTRY--TOPICAL TERM | |
| Topical term or geographic name as entry element | International business enterprises |
| General subdivision | Management |
| 9 (RLIN) | 4507 |
| 650 #0 - SUBJECT ADDED ENTRY--TOPICAL TERM | |
| Topical term or geographic name as entry element | Organizational behavior |
| General subdivision | Cross-cultural studies |
| 9 (RLIN) | 35729 |
| 653 ## - INDEX TERM--UNCONTROLLED | |
| Resource For college | BAEPS, Business Administration |
| Arrived date list | March2014 |
| 655 ## - INDEX TERM--GENRE/FORM | |
| Form subdivision | |
| -- | 34232 |
| 700 1# - ADDED ENTRY--PERSONAL NAME | |
| Personal name | Triandis, Harry Charalambos, |
| Dates associated with a name | 1926- |
| 9 (RLIN) | 35730 |
| 700 1# - ADDED ENTRY--PERSONAL NAME | |
| Personal name | McDevitt, Annette S. |
| 9 (RLIN) | 35731 |
| 942 ## - ADDED ENTRY ELEMENTS (KOHA) | |
| Source of classification or shelving scheme | Dewey Decimal Classification |
| Call number prefix | 658.049 BHA |
| Withdrawn status | Item status | Source of classification or shelving scheme | Damaged status | Not for loan | Vendor | Home library | Current library | Shelving location | Date acquired | Source of acquisition | Cost, normal purchase price | Total Checkouts | Full call number | Barcode | Date last seen | Date last borrowed | Cost, replacement price | Koha item type |
|---|---|---|---|---|---|---|---|---|---|---|---|---|---|---|---|---|---|---|
| Dewey Decimal Classification | Baccah | Central Library | Central Library | First floor | 23/03/2014 | 380.00 | 1 | 658.049 BHA | 000035784 | 15/07/2025 | 19/10/2016 | 475.00 | Book - Borrowing |